| 000 | 00799nam a2200241 a 4500 | ||
|---|---|---|---|
| 001 | 000013517 | ||
| 005 | 20240306073903.0 | ||
| 008 | 091125s2008 dr a 000 0 spa d | ||
| 020 | _a9789945112887 | ||
| 040 |
_aDO-SdBNP _bspa _cBNPHU |
||
| 082 |
_a372.634 _bC153 |
||
| 245 | 0 | 0 |
_aCaligrafía 8 / _cdirección editorial Obdulia García de Escobar ; editor Manuel García Cartagena. |
| 260 |
_aSanto Domingo : _bSantillana, _c2008. |
||
| 300 |
_a63 p. : _bil. ; _c28 cm. |
||
| 490 | 1 | _aCoral | |
| 650 | 4 |
_aCaligrafía _xEstudio y enseñanza _930847 |
|
| 650 | 4 |
_aCaligrafía _xTécnica _930848 |
|
| 650 | 4 |
_aCaligrafía _xLibros de texto _930849 |
|
| 700 | 1 |
_aGarcía Escobar, Obdulia de _eed. _929220 |
|
| 700 | 1 |
_aGarcía Cartagena, Manuel _eed. _912067 |
|
| 830 | 0 |
_aCoral _930539 |
|
| 049 | _aBNPD | ||
| 999 |
_c13141 _d13141 |
||